[Event "Heilbronner SV 1 - Stuttgarter SF 1"]
[Site "Oberliga Württemberg 2018/2019"]
[Date "2018.12.02"]
[Round "4"]
[White "Gabriel, Robert"]
[Black "Degenhard, Simon"]
[Result "1/2-1/2"]
[WhiteElo "2166"]
[BlackElo "2194"]
[Annotator ""]
[Source ""]
[Remark ""]

1.d4 Nf6 2.Nf3 e6 3.c4 d5 4.Nc3 c5 5.cxd5 Nxd5 6.e3 Nc6 7.Bd3
Be7 8.O-O O-O 9.a3 Nxc3 10.bxc3 b6 11.Qe2 Bb7 12.Rd1 Qc7 13.e4
Na5 14.Bg5 Bxg5 15.Nxg5 cxd4 16.cxd4 Nb3 17.e5 h6 18.Bh7+ Kh8
19.Rab1 Qe7 20.Rxb3 Qxg5 21.Be4 Qe7 22.d5 exd5 23.Bxd5 Bxd5 24.Rxd5
Rfd8 25.Rxd8+ Rxd8 26.h3 Qc5 27.Rf3 Qd5 28.Re3 Re8 29.Kh2 Kg8
30.f4 Rd8 31.Rc3 Qd4 32.Rc4 Qd5 33.Rc7 Rd7 34.Rc8+ Rd8 35.Rc7
Rd7 36.Rc8+ Rd8 37.Rc7 Rd7 1/2-1/2

[Event "Heilbronner SV 1 - Stuttgarter SF 1"]
[Site "Oberliga Württemberg 2018/2019"]
[Date "2018.12.02"]
[Round "4"]
[White "Tschlatscher, Thomas"]
[Black "Hofmann, Martin"]
[Result "1-0"]
[WhiteElo "2125"]
[BlackElo "2163"]
[Annotator ""]
[Source ""]
[Remark ""]

1.b3 d5 2.Bb2 Nf6 3.e3 Bf5 4.Nf3 e6 5.Be2 h6 6.O-O Nbd7 7.c4
c6 8.d4 Be7 9.Nbd2 O-O 10.Ne5 Nxe5 11.dxe5 Ne4 12.Nxe4 Bxe4 13.Bd3
Bxd3 14.Qxd3 dxc4 15.Qxc4 Qa5 16.Bc3 Qc5 17.Qxc5 Bxc5 18.Rfd1
Rfd8 19.Kf1 Kf8 20.Ke2 Ke8 21.f4 b6 22.g4 Rxd1 23.Rxd1 Bf8 24.h4
c5 25.h5 Rd8 26.Rg1 b5 27.g5 Kd7 28.g6 Ke8 29.e4 c4 30.bxc4 bxc4
31.Rb1 Bc5 32.gxf7+ Kxf7 33.f5 Rd3 34.fxe6+ Ke7 35.Bb4 Bxb4 36.Rxb4
Rd8 37.Rxc4 Kxe6 38.Rc7 a5 39.Ke3 Rf8 40.a4 Rf7 41.Rc6+ Kxe5
42.Ra6 Rf1 43.Rxa5+ Ke6 44.Rd5 Ra1 45.a5 Ra2 46.Rb5 Ra1 47.Kd4
Ra4+ 48.Kc5 Rxe4 49.Kb6 Kf6 50.a6 g5 51.hxg6 Kxg6 52.a7 Re8 53.Kb7
Re7+ 54.Ka6 Re8 55.Rb8 Re1 56.Kb5 Ra1 57.a8Q Rxa8 58.Rxa8 1-0

[Event "Heilbronner SV 1 - Stuttgarter SF 1"]
[Site "Oberliga Württemberg 2018/2019"]
[Date "2018.12.02"]
[Round "4"]
[White "Fritsch, Rolf"]
[Black "Mages, Steffen"]
[Result "1-0"]
[WhiteElo "2127"]
[BlackElo "2108"]
[Annotator ""]
[Source ""]
[Remark ""]

1.d4 d5 2.Nf3 Nf6 3.Bg5 e6 4.Nbd2 Nbd7 5.e3 Bd6 6.Bd3 c5 7.c3
Qc7 8.Qe2 b6 9.e4 dxe4 10.Nxe4 Nxe4 11.Bxe4 Bb7 12.Bxb7 Qxb7
13.Rd1 h6 14.dxc5 Bxc5 15.Bh4 g5 16.Bg3 g4 17.Nh4 Rg8 18.O-O
Be7 19.Rd4 h5 20.Rfd1 Rd8 21.b4 a6 22.R4d3 b5 23.Nf5 exf5 24.Bd6
Nf8 25.Bxe7 Rxd3 26.Bxf8+ Kxf8 27.Qxd3 Qc8 28.Qd8+ Qxd8 29.Rxd8+
Kg7 30.Rxg8+ Kxg8 31.Kf1 Kg7 32.Ke2 Kf6 33.Kd3 Ke5 34.c4 bxc4+
35.Kxc4 f4 36.a4 h4 37.b5 axb5+ 38.axb5 g3 39.fxg3 fxg3 40.hxg3
hxg3 41.Kc5 Ke4 42.b6 Ke3 43.b7 Kf2 44.b8Q Kxg2 45.Kd4 Kf3 46.Qb7+
Kf2 47.Qxf7+ Kg1 48.Ke3 g2 49.Qf2+ Kh1 50.Qh4+ Kg1 51.Kf3 Kf1
52.Qf2# 1-0

[Event "Heilbronner SV 1 - Stuttgarter SF 1"]
[Site "Oberliga Württemberg 2018/2019"]
[Date "2018.12.02"]
[Round "4"]
[White "Menschner, Juergen"]
[Black "Migl, Dieter"]
[Result "1/2-1/2"]
[WhiteElo "2128"]
[BlackElo "2108"]
[Annotator ""]
[Source ""]
[Remark ""]

1.d4 Nf6 2.c4 g6 3.Nc3 d5 4.cxd5 Nxd5 5.e4 Nxc3 6.bxc3 Bg7 7.Be3
O-O 8.Rc1 c5 9.Nf3 Qa5 10.Qd2 Bg4 11.d5 Bxf3 12.gxf3 c4 13.h4
h5 14.Bd4 b5 15.Bh3 Qc7 16.Rb1 a6 17.Ke2 Nd7 18.Bxd7 Qxd7 19.Rhg1
Rfd8 20.Rg5 Bxd4 21.Qxd4 Kh7 22.Rbg1 Rg8 23.Qe5 Qd6 24.f4 Rad8
25.Qxd6 exd6 26.Ke3 Rde8 27.Kd4 f6 28.R5g2 Kh6 29.f3 Rg7 30.Rh2
Rge7 31.Rb1 f5 32.Re1 fxe4 33.fxe4 Rf7 34.Rf2 Kg7 35.a4 bxa4
36.Kxc4 a3 37.Kd4 a2 38.Rg1 Kh7 39.Ra1 Rfe7 40.Re2 Rf7 41.Raxa2
Rxf4 42.Rxa6 Rd8 43.c4 Rxh4 44.c5 dxc5+ 45.Kxc5 Rh1 46.d6 Rd1
47.Ra7+ Kh6 48.e5 h4 49.Kc6 Rc1+ 50.Kd5 g5 51.d7 Rd1+ 52.Ke6
g4 53.Ke7 Rg8 54.e6 g3 55.Ra4 Rg7+ 56.Kd8 Rg8+ 57.Kc7 Rc1+ 58.Kb7
Rb1+ 59.Kc6 Rc1+ 60.Kd5 Rd1+ 61.Rd4 Rxd4+ 62.Kxd4 h3 63.e7 g2
64.e8Q g1Q+ 65.Qe3+ Qxe3+ 66.Rxe3 Rd8 1/2-1/2

[Event "SG Schwäbisch Gmünd 1 - SK Bebenhausen 1"]
[Site "Oberliga Württemberg 2018/2019"]
[Date "2018.12.02"]
[Round "4"]
[White "Braun, Georg"]
[Black "Petrová, Kristyna"]
[Result "1/2-1/2"]
[WhiteElo "2290"]
[BlackElo "2256"]
[Annotator ""]
[Source ""]
[Remark ""]

1.e4 c5 2.Nf3 e6 3.d4 cxd4 4.Nxd4 Nc6 5.Nc3 Qc7 6.g3 a6 7.Bg2
Nf6 8.O-O Nxd4 9.Qxd4 Bc5 10.Bf4 d6 11.Qd2 h6 12.Rad1 e5 13.Be3
Be6 14.Bxc5 dxc5 15.Nd5 Bxd5 16.exd5 Qd6 17.Rfe1 O-O 18.Bh3 Rfe8
19.b3 Re7 20.c4 b6 21.Re2 Rae8 22.Rde1 Kf8 23.Bf5 Ng8 24.Bh7
Nf6 25.Bc2 a5 26.a3 Ng8 27.Rb1 Rc7 28.Qc3 Nf6 29.Rbe1 Rce7 30.Qb2
Nd7 31.Bf5 Nf6 32.Qc1 Ng8 33.Bh7 Nf6 34.Bc2 Ng8 35.Qd2 Nf6 36.Bd1
Nd7 37.Re3 e4 38.Bc2 f5 39.f3 exf3 40.Bxf5 Rxe3 41.Rxe3 Rxe3
42.Qxe3 Ne5 43.Be6 a4 44.Qf4+ Ke7 45.bxa4 Qb8 46.h4 Kd6 47.Bg4
Qd8 48.Bxf3 Qf6 49.Qxf6+ gxf6 50.Be2 Nf7 51.Kf2 Ke5 52.Ke3 f5
53.Bf1 Nd6 54.Bd3 Nf7 55.Kf3 Nd6 56.Ke3 Nf7 57.Kd2 Nd6 58.Kc3
Nb7 59.Be2 Nd6 60.Bf3 Nb7 61.Kd3 Nd6 62.Bh1 Nb7 63.Bg2 Nd6 64.Bf3
Nb7 65.Ke3 Nd6 66.Be2 Ne4 67.g4 fxg4 68.Bxg4 Nd6 69.Kd3 Nb7 70.Kc3
Nd6 71.Bd7 Ne4+ 72.Kd3 Nf2+ 73.Ke3 Ne4 74.Bb5 Nd6 75.Kf3 Kf5
76.Ba6 Nf7 77.Bc8+ Ke5 78.Kg4 Kf6 79.Ba6 Nd6 80.Bb5 Nb7 81.Kf4
Nd6 82.a5 bxa5 83.Ba6 Nf5 84.h5 Nd6 85.Bb5 Nf5 86.Ba4 Nd6 87.Bb3
Nf5 88.Bc2 Nd6 89.Bd3 Nf7 90.Bf1 Nd6 91.Be2 Nf7 92.Ke4 Nd6+ 93.Kd3
Ke5 94.Bd1 Nc8 95.Ba4 Nd6 96.Bc2 Ne4 97.Bd1 Nd6 98.Ba4 Ne4 99.Be8
Nd6 100.Bg6 Kf4 101.Kc3 Ke3 102.Bh7 Ke2 103.Kb3 Kd2 104.Ka4 Kc3
105.Kxa5 Kxc4 106.Kb6 Kxd5 107.a4 Kd4 108.Kc6 Nc4 109.Bg8 Ne5+
110.Kb7 c4 111.a5 c3 112.Bb3 Nd3 113.Bc2 Nb4 114.Bb1 Kc5 115.a6
Nxa6 116.Kxa6 Kd6 1/2-1/2

[Event "SG Schwäbisch Gmünd 1 - SK Bebenhausen 1"]
[Site "Oberliga Württemberg 2018/2019"]
[Date "2018.12.02"]
[Round "4"]
[White "Jurek, Josef"]
[Black "Bräuning, Rudolf Wilhelm"]
[Result "1/2-1/2"]
[WhiteElo "2274"]
[BlackElo "2276"]
[Annotator ""]
[Source ""]
[Remark ""]

1.Nf3 c5 2.c4 g6 3.Nc3 Bg7 4.g3 Nc6 5.Bg2 Nf6 6.d4 cxd4 7.Nxd4
O-O 8.O-O Ng4 9.e3 d6 10.b3 Nxd4 1/2-1/2

[Event "SG Schwäbisch Gmünd 1 - SK Bebenhausen 1"]
[Site "Oberliga Württemberg 2018/2019"]
[Date "2018.12.02"]
[Round "4"]
[White "Frick, Christoph"]
[Black "Denisow, Jewgeny"]
[Result "1/2-1/2"]
[WhiteElo "2205"]
[BlackElo "2131"]
[Annotator ""]
[Source ""]
[Remark ""]

1.d4 Nf6 2.Bf4 e6 3.e3 c5 4.c3 b6 5.Nd2 Bb7 6.Ngf3 Be7 7.h3 O-O
8.Bd3 d5 9.Qb1 Nbd7 10.Ne5 a6 11.g4 cxd4 12.exd4 Re8 13.g5 Nxe5
14.Bxe5 Ne4 15.Nxe4 dxe4 16.Bxe4 Bxe4 17.Qxe4 Bxg5 18.Rg1 f6
19.Bh2 Qd5 20.Qg2 Qb5 21.f4 Bh4+ 22.Kd1 Qd3+ 23.Kc1 Ra7 24.Rd1
Qf5 25.Qg4 Qxg4 26.hxg4 g5 27.Kc2 gxf4 28.Bxf4 Rg7 29.Rg1 Kf7
30.Bc7 b5 31.a4 b4 32.Bd6 bxc3 33.bxc3 e5 34.dxe5 fxe5 35.Rab1
e4 36.c4 e3 37.Kd3 Bf2 38.Rg2 Kg6 39.Ke2 Re4 40.Kd3 Re6 41.c5
e2 42.Rxf2 e1Q 43.Rxe1 Rxe1 44.Rb2 Kg5 45.Rb6 Kxg4 46.Rxa6 h5
47.Ra8 Rg6 48.Kc4 Rd1 49.a5 Rgxd6 {(nicht klar, welcher Turm zuerst auf d6 schlug)}
50.cxd6 Rxd6 51.a6 Kh3 52.Kc5 Rh6 53.Kb5 h4 54.Rc8 Rxa6 55.Kxa6
Kg2 56.Kb5 h3 57.Kc4 h2 58.Rg8+ Kh1 1/2-1/2

[Event "SG Schwäbisch Gmünd 1 - SK Bebenhausen 1"]
[Site "Oberliga Württemberg 2018/2019"]
[Date "2018.12.02"]
[Round "4"]
[White "Weiss, Andreas"]
[Black "Khadempour, Farhad"]
[Result "1-0"]
[WhiteElo "2166"]
[BlackElo "2165"]
[Annotator ""]
[Source ""]
[Remark ""]

1.e4 e6 2.d4 d5 3.Nd2 c5 4.exd5 Qxd5 5.Ngf3 cxd4 6.Bc4 Qd6 7.O-O
Nf6 8.Nb3 Nc6 9.Nbxd4 Nxd4 10.Qxd4 Qxd4 11.Nxd4 a6 12.Be2 Bd6
13.Bf3 O-O 14.Nb3 Rb8 15.Rd1 Bc7 16.Be3 b6 17.Nd4 Bb7 18.Bxb7
Rxb7 19.Nc6 Nd5 20.c4 Nxe3 21.fxe3 b5 22.c5 b4 23.Rd4 Rb5 24.Rc1
a5 25.Rd7 Bb8 26.Ne7+ Kh8 27.c6 g6 28.c7 Bxc7 29.Rcxc7 Kg7 30.Nc6
Rf5 31.Nd8 Kf6 32.g4 Rg5 33.Rxf7+ Rxf7 34.Rxf7+ Ke5 35.Rf4 Kd5
36.Rd4+ Ke5 37.Nf7+ 1-0

[Event "SG Schwäbisch Gmünd 1 - SK Bebenhausen 1"]
[Site "Oberliga Württemberg 2018/2019"]
[Date "2018.12.02"]
[Round "4"]
[White "Carstens, Andreas"]
[Black "Hönick, Andreas"]
[Result "0-1"]
[WhiteElo "2124"]
[BlackElo "2069"]
[Annotator ""]
[Source ""]
[Remark ""]

1.e4 c5 2.Nf3 Nc6 3.d4 cxd4 4.Nxd4 Nf6 5.Nc3 d6 6.f3 e5 7.Nb3
Be6 8.Be3 Be7 9.Nd5 Bxd5 10.exd5 Nb8 11.c4 Nbd7 12.Be2 O-O 13.O-O
a5 14.Kh1 a4 15.Nd2 Nh5 16.Ne4 f5 17.Nc3 a3 18.b4 Bg5 19.Bf2
Qf6 20.c5 e4 21.Qd4 Qh6 22.fxe4 Bf6 23.Qc4 Ne5 24.Qb3 Ng4 25.Bxg4
fxg4 26.Rae1 Be5 27.Ne2 Qd2 28.Qe3 Qxa2 29.Nc1 Qc4 30.Nd3 Bc3
31.cxd6 Bxe1 32.Rxe1 a2 33.Qd4 Qc2 34.Bh4 a1Q 35.Rxa1 Rxa1+ 36.Qxa1
Qxd3 37.Kg1 Qe3+ 38.Kh1 Qe2 39.Kg1 Qe3+ 40.Kh1 Qxe4 41.d7 Nf6
42.Bxf6 gxf6 0-1

[Event "SG Schwäbisch Gmünd 1 - SK Bebenhausen 1"]
[Site "Oberliga Württemberg 2018/2019"]
[Date "2018.12.02"]
[Round "4"]
[White "Reindl, Arno"]
[Black "Latzke, Boris"]
[Result "1/2-1/2"]
[WhiteElo "2012"]
[BlackElo "2146"]
[Annotator ""]
[Source ""]
[Remark ""]

1.e4 e5 2.Nf3 Nc6 3.d4 exd4 4.Nxd4 Bc5 5.Be3 Qf6 6.c3 Nge7 7.Bc4
Ne5 8.Be2 Qg6 9.O-O d6 10.Kh1 Ng4 11.Bxg4 Bxg4 12.f3 Bd7 13.Nd2
O-O 14.b4 Bb6 15.Nc4 f5 16.Qb3 Qf7 17.Nxb6 axb6 18.exf5 Nxf5
19.Nxf5 Bxf5 20.Qxf7+ Kxf7 21.a4 Rfe8 22.Rfe1 Bc2 23.Bd2 Rxe1+
24.Bxe1 Ke6 25.a5 bxa5 26.bxa5 Kd5 27.Kg1 Kc4 28.Kf2 Ra6 29.Ke3
b6 30.Rc1 Kb3 31.axb6 cxb6 32.Bd2 Ra5 33.Kf2 Rd5 34.Ke3 b5 35.Ra1
Bg6 36.Ra7 Kc2 37.Ra2+ Kb3 38.Ra7 Re5+ 39.Kd4 Re2 40.Bf4 Rxg2
41.Rb7 Be8 42.Rb8 Re2 43.Be3 Bc6 44.Rb6 Bxf3 45.Rxb5+ Kc2 46.Rf5
Bg4 47.Rf2 1/2-1/2

[Event "SG Schwäbisch Gmünd 1 - SK Bebenhausen 1"]
[Site "Oberliga Württemberg 2018/2019"]
[Date "2018.12.02"]
[Round "4"]
[White "Roth, Jürgen Eugen"]
[Black "Kasüschke, Lars"]
[Result "1-0"]
[WhiteElo "2131"]
[BlackElo "2023"]
[Annotator ""]
[Source ""]
[Remark ""]

1.Nf3 c5 2.e3 Nf6 3.b3 Nc6 4.Bb2 e6 5.d4 d5 6.Nbd2 Bd6 7.Bd3
a6 8.O-O O-O 9.a3 b5 10.Ne5 Bxe5 11.dxe5 Nd7 12.f4 c4 13.Be2
Qb6 14.Rf3 Bb7 15.Nf1 Rfd8 16.Bd4 Nxd4 17.exd4 cxb3 18.c3 Rdc8
19.Rb1 Qa5 20.Rxb3 Rc7 21.Bd3 Rac8 22.Qe1 Qa4 23.Bc2 a5 24.Qb1
Nf8 25.Rxb5 Qxa3 26.Rxb7 Rxc3 27.Rb3 1-0

[Event "SG Schwäbisch Gmünd 1 - SK Bebenhausen 1"]
[Site "Oberliga Württemberg 2018/2019"]
[Date "2018.12.02"]
[Round "4"]
[White "Pohl, Walter"]
[Black "Wendler, David"]
[Result "1/2-1/2"]
[WhiteElo "2029"]
[BlackElo "2159"]
[Annotator ""]
[Source ""]
[Remark ""]

1.e4 g6 2.d4 Bg7 3.c4 Nc6 4.Be3 e5 5.d5 Nd4 6.f4 d6 7.fxe5 dxe5
8.Nc3 c5 9.Qd2 {(=)} Nf6 10.h3 Nh5 11.O-O-O Ng3 12.Rh2 O-O 13.Nge2
Nxf1 14.Rxf1 f5 15.g3 a6 16.exf5 gxf5 17.Bg5 Qd6 18.g4 fxg4 19.Rxf8+
Qxf8 20.Nxd4 Qf1+ 21.Nd1 exd4 22.b3 Bd7 23.hxg4 Bxg4 24.Rf2 Qh1
25.Rh2 Qf1 26.Rf2 Qh1 27.Rh2 Qf1 28.Rf2 1/2-1/2

[Event "SK Bebenhausen 1 - SK Sontheim/Brenz 1"]
[Site "Oberliga Württemberg 2018/2019"]
[Date "2019.01.13"]
[Round "5"]
[White "Walter, Kevin"]
[Black "Braun, Georg"]
[Result "0-1"]
[WhiteElo "2097"]
[BlackElo "2290"]
[Annotator ""]
[Source ""]
[Remark ""]

1.e4 c6 2.Nf3 d5 3.Nc3 Bg4 4.h3 Bh5 5.exd5 cxd5 6.Bb5+ Nc6 7.g4
Bg6 8.Ne5 Rc8 9.d4 e6 10.h4 f6 11.Nxg6 hxg6 12.Qd3 Kf7 13.Bxc6
Rxc6 14.Bd2 Bb4 15.Ne2 Qa5 16.c3 Bd6 17.h5 gxh5 18.Rxh5 Rxh5
19.gxh5 Ne7 20.h6 g6 21.a4 Rc8 22.b4 Qc7 23.a5 {(=)} Nf5 24.Rc1
Kg8 25.Qh3 Kh7 26.Kf1 Qc4 27.Re1 g5 28.Kg2 Rg8 29.Nc1 Qc8 30.Nd3
Rg6 31.Nc5 Rxh6 32.Qd3 Bxc5 33.dxc5 Kg6 34.c4 d4 35.f4 Qh8 36.Rg1
Rh2+ 37.Kf1 Qh4 38.Rg2 Rh1+ 39.Ke2 Qh5+ 40.Kf2 Qh4+ 41.Ke2 Rh3
42.Qe4 Qh5+ 43.Kf2 Qd1 44.Qe2 Qxe2+ 45.Kxe2 Ne3 46.Bxe3 Rxe3+
47.Kd1 Ra3 48.fxg5 fxg5 49.Re2 Kf6 50.Rf2+ Ke7 51.Rh2 0-1

[Event "SK Bebenhausen 1 - SK Sontheim/Brenz 1"]
[Site "Oberliga Württemberg 2018/2019"]
[Date "2019.01.13"]
[Round "5"]
[White "Bräuning, Rudolf Wilhelm"]
[Black "Riefner, Edwin"]
[Result "1-0"]
[WhiteElo "2276"]
[BlackElo "2186"]
[Annotator ""]
[Source ""]
[Remark ""]

1.e4 e6 2.d4 d5 3.Nd2 Nf6 4.e5 Nfd7 5.Bd3 c5 6.c3 Nc6 7.Ne2 cxd4
8.cxd4 f6 9.exf6 Nxf6 10.Nf3 Bd6 11.O-O O-O 12.Bf4 Bxf4 13.Nxf4
Ne4 14.Ne2 Qf6 15.Qb1 e5 16.Bxe4 dxe4 17.Qxe4 Bf5 18.Qd5+ Be6
19.Qc5 exd4 20.Nexd4 Nxd4 21.Qxd4 Rad8 22.Qxf6 gxf6 23.Rfe1 Kf7
24.Re3 Rd7 25.b3 Rc8 26.Rae1 Rc6 27.h3 a5 28.Re4 Bf5 29.Rf4 Rc5
30.g4 1-0

[Event "SK Bebenhausen 1 - SK Sontheim/Brenz 1"]
[Site "Oberliga Württemberg 2018/2019"]
[Date "2019.01.13"]
[Round "5"]
[White "Pürckhauer, Sören"]
[Black "Frick, Christoph"]
[Result "1/2-1/2"]
[WhiteElo "2163"]
[BlackElo "2205"]
[Annotator ""]
[Source ""]
[Remark ""]

1.d4 d5 2.Nf3 Nf6 3.Bf4 c5 4.e3 cxd4 5.exd4 Nc6 6.c3 Bf5 7.Nbd2
e6 8.Qb3 Qc8 9.Ne5 Be7 10.Be2 Nxe5 11.Bxe5 O-O 12.h3 a6 13.O-O
Qc6 14.Rfe1 Nd7 15.Nf3 Bd6 16.Bxd6 {(=)} Qxd6 17.Rad1 b5 18.Bd3
Bxd3 19.Rxd3 Rab8 20.Rc1 Rfc8 21.Rdd1 Qf4 22.Qc2 Nb6 23.Qd2 Qxd2
24.Rxd2 Nc4 25.Re2 Kf8 26.Ne1 Nd6 27.Nd3 a5 28.Nc5 Ke7 29.g4
Nb7 30.Nd3 1/2-1/2

[Event "SK Bebenhausen 1 - SK Sontheim/Brenz 1"]
[Site "Oberliga Württemberg 2018/2019"]
[Date "2019.01.13"]
[Round "5"]
[White "Khadempour, Farhad"]
[Black "Lemke, Johannes"]
[Result "1-0"]
[WhiteElo "2165"]
[BlackElo "2105"]
[Annotator ""]
[Source ""]
[Remark ""]

1.c4 c6 2.Nf3 d5 3.e3 Nf6 4.b3 Bf5 5.Bb2 e6 6.Be2 Nbd7 7.Nh4
Bg6 8.Nxg6 hxg6 9.d3 Bd6 10.h3 Qe7 11.Qc2 e5 12.Nd2 O-O 13.O-O
Nh5 14.Bf3 Qe6 15.Rad1 f5 16.e4 Rac8 17.exf5 Qxf5 18.cxd5 Qf4
19.Nc4 e4 20.Nxd6 exf3 21.Nxc8 fxg2 22.Ne7+ Kh7 23.Rfe1 Qh4 24.Re3
Nf4 25.Kh2 Rf7 26.d6 g5 27.d4+ g6 28.d5 g4 29.Rg3 Nf6 30.Bxf6
Rxf6 31.d7 Nxh3 32.Kxg2 Nf4+ 33.Kg1 Rd6 34.dxc6 Qxe7 35.Rxd6
Qe1+ 36.Kh2 1-0

[Event "SK Bebenhausen 1 - SK Sontheim/Brenz 1"]
[Site "Oberliga Württemberg 2018/2019"]
[Date "2019.01.13"]
[Round "5"]
[White "Ullmann, Juergen"]
[Black "Carstens, Andreas"]
[Result "0-1"]
[WhiteElo "1977"]
[BlackElo "2124"]
[Annotator ""]
[Source ""]
[Remark ""]

1.e4 e6 2.d3 d5 3.Nd2 Nf6 4.g3 dxe4 5.dxe4 Bc5 6.Bg2 Nc6 7.Ngf3
e5 8.O-O O-O 9.h3 a5 10.c3 Qe7 11.Nh4 Be6 12.Qf3 Rfe8 13.Re1
g6 14.Nf1 Nd7 15.Be3 {(=)} Rad8 16.b3 a4 17.b4 Bd6 18.Qe2 Nb6
19.Bxb6 cxb6 20.Ne3 Qc7 21.Rac1 Be7 22.Nf3 f6 23.Bf1 Kg7 24.Qb5
Bxa2 25.Qxa4 Be6 26.Qb5 Na7 27.Qa4 Nc8 28.c4 Qc6 29.Qxc6 bxc6
30.b5 cxb5 31.cxb5 Bc5 32.Nc4 Nd6 33.Na5 Ra8 34.Nc6 Ra2 35.Rxc5
bxc5 36.Rb1 Rc8 37.Rd1 Nxe4 38.Nd8 Bf5 39.g4 Nxf2 40.Rd5 Nxg4
41.hxg4 Bxg4 42.Nd2 h5 43.Bc4 Rb2 44.Ne4 h4 45.Nf2 Bf5 46.Bf1
c4 47.Nc6 c3 48.Rc5 c2 49.Bd3 Rb1+ 0-1

[Event "SK Bebenhausen 1 - SK Sontheim/Brenz 1"]
[Site "Oberliga Württemberg 2018/2019"]
[Date "2019.01.13"]
[Round "5"]
[White "Latzke, Boris"]
[Black "Kaufmann, Thorsten"]
[Result "1-0"]
[WhiteElo "2140"]
[BlackElo "2043"]
[Annotator ""]
[Source ""]
[Remark ""]

1.d4 Nf6 2.c4 e5 3.dxe5 Ng4 4.Nf3 Nc6 5.Bf4 Bb4+ 6.Nbd2 Qe7 7.a3
Bxd2+ 8.Qxd2 Ngxe5 9.Nxe5 Nxe5 10.e3 d6 11.Be2 O-O 12.O-O b6
13.Qc3 Bb7 14.b4 Ng6 15.Bg3 Nh4 16.f3 Rfe8 17.Rfe1 Qg5 18.e4
f5 19.Bxh4 Qxh4 20.exf5 Re5 21.Bd3 Rae8 22.Rxe5 Rxe5 23.Rf1 Qf4
{(=)} 24.Re1 Rxe1+ 25.Qxe1 Qd4+ 26.Kh1 Kf8 27.Qb1 Qe3 28.Qf1
h5 29.h3 h4 30.b5 a5 31.a4 Ba8 {(=)} 32.Qe2 Qc1+ 33.Kh2 Qf4+
34.Kg1 Qd4+ 35.Kh1 Bb7 36.Be4 Qa1+ 37.Kh2 Qe5+ 38.Kg1 Bc8 39.Qc2
Qa1+ 40.Kf2 Qd4+ 41.Ke2 Bd7 42.Qd3 Qb2+ 43.Qd2 Qa1 44.Bc2 Qg1
45.Qg5 Qc5 46.Qxh4 d5 47.Qd8+ Be8 48.Qxd5 Qg1 49.f4 Qc1 50.Qd2
Qg1 51.Be4 Qa1 52.Qd8 Qa2+ 53.Kf3 Qxa4 54.Qxc7 Qb4 55.Qxb6 a4
56.c5 Qxb5 57.Qd6+ Kg8 58.c6 a3 59.c7 a2 60.Qd5+ Kh7 61.f6+ g6
62.Qxb5 Bxb5 63.c8Q 1-0

[Event "SK Bebenhausen 1 - SK Sontheim/Brenz 1"]
[Site "Oberliga Württemberg 2018/2019"]
[Date "2019.01.13"]
[Round "5"]
[White "Walliser, Holger"]
[Black "Roth, Jürgen Eugen"]
[Result "0-1"]
[WhiteElo "1912"]
[BlackElo "2131"]
[Annotator ""]
[Source ""]
[Remark ""]

1.e4 c5 2.Nf3 Nc6 3.d4 cxd4 4.Nxd4 e5 5.Nb5 d6 6.N1c3 a6 7.Na3
b5 8.Nd5 Nge7 9.c4 Nd4 10.Nxe7 Bxe7 11.cxb5 d5 12.bxa6 Bxa3 13.bxa3
Qc7 14.Rb1 Nc2+ 15.Kd2 Nd4 16.Bd3 O-O 17.Rb4 Rd8 18.Ke1 dxe4
19.Bxe4 Bxa6 20.Bb2 Rac8 21.Bxd4 Rxd4 22.Rxd4 exd4 23.f3 Qf4
24.Kf2 d3 25.Re1 d2 26.Rh1 f5 27.Qb3+ Kh8 28.Qe6 fxe4 29.Qxa6
Rd8 30.Qe6 exf3 31.Rd1 fxg2+ 32.Kxg2 Rf8 33.Qe2 Qg5+ 34.Kh1 Rd8
35.Qf3 h6 36.a4 Re8 37.h3 Re1+ 0-1

[Event "SK Bebenhausen 1 - SK Sontheim/Brenz 1"]
[Site "Oberliga Württemberg 2018/2019"]
[Date "2019.01.13"]
[Round "5"]
[White "Wendler, David"]
[Black "Wegener, Jochen"]
[Result "1-0"]
[WhiteElo "2159"]
[BlackElo "1837"]
[Annotator ""]
[Source ""]
[Remark ""]

1.e4 c5 2.c3 d5 3.exd5 Qxd5 4.d4 Nc6 5.Nf3 e6 6.Bd3 Nf6 7.O-O
Be7 8.dxc5 Bxc5 9.Bg5 Be7 10.Qe2 O-O 11.Rd1 Qa5 12.Nbd2 a6 13.a4
Nd5 14.Bxe7 Ncxe7 15.Qe4 Nf6 16.Qh4 Qh5 17.Qxh5 Nxh5 18.Ne5 Nf6
19.Ne4 Nxe4 20.Bxe4 Rb8 21.g3 b6 22.Nd7 Bxd7 23.Rxd7 Ng6 24.Rad1
Ne5 25.Ra7 a5 26.f4 Ng4 27.Bf3 Nf6 28.Rb7 Rxb7 29.Bxb7 Rb8 30.Rd6
Kf8 31.Rxb6 Nd7 32.Rb5 Nc5 33.Bc6 Rxb5 34.Bxb5 Ke7 35.Kf2 Kd6
36.Ke3 Nb3 37.Kd3 f6 38.Kc2 Nc5 39.b4 axb4 40.cxb4 Ne4 41.Bd3
Nf2 42.Bxh7 Ng4 43.Bd3 e5 44.fxe5+ fxe5 45.a5 Nxh2 46.Be2 g5
47.g4 e4 48.Kd2 1-0

[Event "Stuttgarter SF 1 - SG Schwäbisch Gmünd 1"]
[Site "Oberliga Württemberg 2018/2019"]
[Date "2019.01.13"]
[Round "5"]
[White "Jurek, Josef"]
[Black "Kvetny, Mark"]
[Result "1/2-1/2"]
[WhiteElo "2269"]
[BlackElo "2406"]
[Annotator ""]
[Source ""]
[Remark ""]

1.d4 Nf6 2.c4 e6 3.Nc3 Bb4 4.e3 d5 5.Nf3 O-O 6.Bd3 b6 7.cxd5
exd5 8.O-O Bb7 9.a3 Bd6 10.Qc2 a6 11.e4 dxe4 12.Nxe4 h6 13.Nxf6+
Qxf6 14.Bh7+ Kh8 15.Be4 Bxe4 16.Qxe4 Nd7 17.Re1 Qg6 18.Qxg6 fxg6
19.Bd2 Kg8 20.Bc3 {(=)} Nf6 21.Ne5 g5 22.Nc4 Nd5 23.Ne3 Nxc3
24.bxc3 b5 25.a4 c5 26.dxc5 Bxc5 27.axb5 axb5 28.Rxa8 Rxa8 29.Rb1
Rb8 30.Nd5 Bd6 31.h3 Kf7 32.Kf1 Ke6 33.Nb4 Rc8 34.Nc2 Be5 35.Rxb5
Bxc3 1/2-1/2

[Event "Stuttgarter SF 1 - SG Schwäbisch Gmünd 1"]
[Site "Oberliga Württemberg 2018/2019"]
[Date "2019.01.13"]
[Round "5"]
[White "Benkovic, Petar"]
[Black "Denisow, Jewgeny"]
[Result "1-0"]
[WhiteElo "2338"]
[BlackElo "2103"]
[Annotator ""]
[Source ""]
[Remark ""]

1.Nf3 Nf6 2.g3 b5 3.Bg2 Bb7 4.O-O e6 5.d3 Be7 6.e4 O-O 7.Re1
d6 8.Nbd2 Nbd7 9.h3 Re8 10.Nh2 Bf8 11.a4 a6 12.Nb3 c5 13.Bd2
b4 14.g4 Ne5 15.f4 Ng6 16.Nf3 Nd7 17.Nc1 Nh4 18.Nxh4 Qxh4 19.Rf1
Qd8 20.Ne2 f5 21.Ng3 fxe4 22.Nxe4 Ra7 23.Qe2 Nf6 24.Rae1 Nxe4
25.Bxe4 Bxe4 26.Qxe4 d5 27.Qf3 Rf7 28.Qe2 Qh4 29.Rf3 e5 30.fxe5
Rxe5 31.Qxe5 Rxf3 32.Qxd5+ Rf7 33.Rf1 Qg3+ 34.Qg2 Rxf1+ 35.Kxf1
Qe5 36.c3 bxc3 37.Bxc3 Qe3 38.Qd5+ Kh8 39.Kg2 Qe2+ 40.Kg1 Qe3+
41.Kg2 Qe2+ 42.Kg3 Qe3+ 43.Qf3 Bd6+ 44.Kg2 Qe8 45.Qe4 Qf7 46.a5
h6 47.Qf3 Qe8 48.h4 Bf8 49.Qe4 Qd8 50.h5 Qd6 51.Be5 Qd8 52.Qf5
Qd5+ 53.Kf2 Kg8 54.Qe4 Qf7+ 55.Ke2 Qd7 56.Kd2 Qb5 57.Qd5+ Kh7
58.Bc3 Be7 59.Qe4+ 1-0

[Event "Stuttgarter SF 1 - SG Schwäbisch Gmünd 1"]
[Site "Oberliga Württemberg 2018/2019"]
[Date "2019.01.13"]
[Round "5"]
[White "Weiss, Andreas"]
[Black "Neyman, Igor"]
[Result "0-1"]
[WhiteElo "2146"]
[BlackElo "2280"]
[Annotator ""]
[Source ""]
[Remark ""]

1.e4 c5 2.Nf3 a6 3.c3 d5 4.exd5 Qxd5 5.d4 e6 6.Be2 Nf6 7.O-O
Nbd7 8.Bf4 Bd6 9.c4 Qc6 10.Bxd6 Qxd6 11.dxc5 Qxc5 12.a3 b6 13.b4
Qc7 14.Nc3 Bb7 15.Rc1 O-O 16.h3 Rfd8 17.Qb3 {(=)} Nh5 18.Nb1
Nf4 19.Qe3 Rac8 20.Rfe1 Nxe2+ 21.Rxe2 Bxf3 22.Qxf3 Ne5 23.Qg3
Nxc4 24.Qxc7 Rxc7 25.Rec2 b5 26.a4 Rcd7 27.axb5 axb5 28.Nc3 Nd6
29.Rd1 Kf8 30.Rcd2 Ke7 31.Kf1 f5 32.Ke2 Rb7 33.g4 Rc8 34.Rxd6
Rxc3 35.gxf5 exf5 36.R1d3 Rc4 37.R6d5 g6 38.R3d4 Rxd4 39.Rxd4
Rd7 40.Rf4 Ke6 41.Rf3 Rd4 42.Rb3 Ke5 43.Rb1 g5 44.Kf3 Kd5 45.Kg3
h5 46.Rb2 Kc4 47.Rb1 Kc3 48.Re1 Kxb4 49.Re5 Rf4 50.Re8 Kc3 51.Rg8
h4+ 52.Kg2 b4 53.Rxg5 b3 0-1

[Event "Stuttgarter SF 1 - SG Schwäbisch Gmünd 1"]
[Site "Oberliga Württemberg 2018/2019"]
[Date "2019.01.13"]
[Round "5"]
[White "Gabriel, Robert"]
[Black "Hönick, Andreas"]
[Result "1/2-1/2"]
[WhiteElo "2166"]
[BlackElo "2086"]
[Annotator ""]
[Source ""]
[Remark ""]

1.d4 d5 2.Nf3 Nf6 3.c4 e6 4.Nc3 Bb4 5.cxd5 exd5 6.Bg5 Qd6 7.Bxf6
Qxf6 8.e3 O-O 9.Qb3 c5 10.dxc5 Nc6 11.a3 Ba5 12.Rd1 Bg4 13.Rd4
Nxd4 14.Nxd4 Rfe8 15.Bb5 Qxd4 16.Bxe8 Rxe8 17.O-O Qc4 18.Qxb7
Bxc3 19.bxc3 Qxc5 20.h3 Be6 21.a4 h6 22.Rb1 Rc8 23.Rb5 Qxc3 24.Qxa7
Qa1+ 25.Kh2 Qe5+ 26.f4 Qe4 27.Rb8 Rxb8 28.Qxb8+ Kh7 29.a5 Qxe3
30.a6 d4 31.a7 Bd5 32.a8Q Bxa8 33.Qxa8 Qxf4+ 34.Kg1 Qe3+ 35.Kf1
f5 36.Qd5 Qd3+ 37.Kf2 Qe3+ 38.Kf1 Qf4+ 39.Kg1 Qe4 40.Qd7 f4 41.Qd6
d3 42.Qd7 Kg6 43.Qd6+ Kh5 44.Qd7 Qe1+ 45.Kh2 Qg3+ 46.Kh1 g5 47.Qe6
d2 48.Qe2+ f3 49.Qxd2 Qxg2+ 50.Qxg2 fxg2+ 51.Kxg2 Kg6 52.Kf3
Kf5 53.Kg3 h5 54.Kf3 Ke5 55.Ke3 Kd5 56.Kd3 h4 57.Ke3 Ke5 58.Kf3
Kf5 59.Ke3 g4 1/2-1/2